Top 5 Songs On Eminem Presents: The Re-Up (Eminem) - Statistics

General Stats
  • This quiz has been taken 11 times
  • The average score is 3 of 5
Answer Stats
Hint Answer % Correct
185,089,044 You Don't Know
100%
11,031,875 Jimmy Crack Corn
78%
26,046,321 No Apologies
78%
22,282,903 Pistol Pistol (Remix)
44%
33,518,881 Shake That (Remix)
44%
No matching quizzes found
Score Distribution
Percent of People with Each Score
Percentile by Number Answered
Your Score History
You have not taken this quiz